| Tag |
First Indicator |
Second Indicator |
Subfields |
| LEADER |
00000cam a2200000Ii 4500 |
| 001 |
in00004023721 |
| 005 |
20190416183913.0 |
| 006 |
m o d |
| 007 |
cr cnu|||unuuu |
| 008 |
160519s2016 enk ob 000 0 eng d |
| 020 |
|
|
|a 9781786351074
|q electronic book
|
| 020 |
|
|
|a 1786351072
|q electronic book
|
| 020 |
|
|
|z 9781786351081
|
| 024 |
8 |
|
|a 99977847803
|
| 035 |
|
|
|a (NhCcYBP)ybp12821025
|
| 040 |
|
|
|a NhCcYBP
|c NhCcYBP
|d UtOrBLW
|
| 050 |
|
4 |
|a HD62.6
|b .G68 2016
|
| 072 |
|
7 |
|a BUS
|x 082000
|2 bisacsh
|
| 072 |
|
7 |
|a BUS
|x 041000
|2 bisacsh
|
| 072 |
|
7 |
|a BUS
|x 042000
|2 bisacsh
|
| 072 |
|
7 |
|a BUS
|x 085000
|2 bisacsh
|
| 082 |
0 |
4 |
|a 658.4/22
|2 23
|
| 245 |
0 |
0 |
|a Governance and performance in public and non-profit organizations /
|c edited by Alessandro Hinna, Luca Gnan, Fabio Monteduro.
|
| 250 |
|
|
|a First edition.
|
| 264 |
|
1 |
|a Bingley, UK :
|b Emerald Group Publishing Limited,
|c 2016.
|
| 300 |
|
|
|a 1 online resource.
|
| 336 |
|
|
|a text
|b txt
|2 rdacontent
|
| 337 |
|
|
|a computer
|b c
|2 rdamedia
|
| 338 |
|
|
|a online resource
|b cr
|2 rdacarrier
|
| 490 |
1 |
|
|a Studies in public and non-profit governance ;
|v volume 5
|
| 504 |
|
|
|a Includes bibliograpghical references.
|
| 588 |
|
|
|a Description based on online resource; title from digital title page (viewed on June 15, 2016).
|
| 500 |
|
|
|a Electronic resource.
|
| 650 |
|
0 |
|a Nonprofit organizations
|x Management.
|0 http://id.loc.gov/authorities/subjects/sh2008108402
|
| 650 |
|
0 |
|a Public administration.
|0 http://id.loc.gov/authorities/subjects/sh85108611
|
| 650 |
|
0 |
|a Corporate governance.
|0 http://id.loc.gov/authorities/subjects/sh88007569
|
| 655 |
|
7 |
|a Electronic books.
|2 local
|
| 700 |
1 |
|
|a Hinna, Alessandro,
|e editor.
|0 http://id.loc.gov/authorities/names/no2010072478
|
| 700 |
1 |
|
|a Gnan, Luca,
|e editor.
|0 http://id.loc.gov/authorities/names/no2013071877
|
| 700 |
1 |
|
|a Monteduro, Fabio,
|e editor.
|0 http://id.loc.gov/authorities/names/no2013071878
|
| 710 |
2 |
|
|a EBSCOhost.
|
| 830 |
|
0 |
|a Studies in public and non-profit governance ;
|v v. 5.
|0 http://id.loc.gov/authorities/names/no2013071880
|
| 856 |
4 |
0 |
|u http://proxy.library.tamu.edu/login?url=http://search.ebscohost.com/login.aspx?direct=true&scope=site&db=nlebk&db=nlabk&AN=1239354
|z Connect to the full text of this electronic book
|t 0
|
| 945 |
|
|
|a machinegen
|
| 955 |
|
|
|a YBP purchased EBSCO DDA e-records
|
| 999 |
f |
f |
|s 1f83df4f-0d69-3964-977a-e83250c81d31
|i aa0e4a66-57b7-3bde-a5ad-46d36d429147
|t 0
|
| 952 |
f |
f |
|a Texas A&M University
|b College Station
|c Electronic Resources
|d Available Online
|t 0
|e HD62.6 .G68 2016
|h Library of Congress classification
|
| 998 |
f |
f |
|a HD62.6 .G68 2016
|t 0
|l Available Online
|